| 000 | 01508nam a2200397 a 4500 | ||
|---|---|---|---|
| 001 | ebr10276492 | ||
| 003 | CaPaEBR | ||
| 006 | m u | ||
| 007 | cr cn||||||||| | ||
| 008 | 050125r20042002enka sb 001 0 eng | ||
| 010 | _z 2005295038 | ||
| 015 |
_aGBA4W8743 _2bnb |
||
| 016 | 7 |
_z012882224 _2Uk |
|
| 020 | _z190399666X (pbk.) | ||
| 040 |
_aCaPaEBR _cCaPaEBR |
||
| 035 | _a(OCoLC)316218962 | ||
| 050 | 1 | 4 |
_aTJ211 _b.K48 2004eb |
| 082 | 0 | 4 |
_a629.892 _222 |
| 100 | 1 |
_aKhalil, W. _q(Wisama) |
|
| 245 | 1 | 0 |
_aModeling, identification & control of robots _h[electronic resource] / _cW. Khalil & E. Dombre. |
| 246 | 3 | 0 | _aRobots |
| 260 |
_aLondon ; _aSterling, VA : _bKogan Page Science, _c2004, c2002. |
||
| 300 |
_axix, 480 p. : _bill. |
||
| 490 | 1 | _aKogan Page Science paper edition | |
| 500 | _aOriginally published: London : HPS, 2002. | ||
| 504 | _aIncludes bibliographical references (p. [447]-473) and index. | ||
| 533 |
_aElectronic reproduction. _bPalo Alto, Calif. : _cebrary, _d2013. _nAvailable via World Wide Web. _nAccess may be limited to ebrary affiliated libraries. |
||
| 650 | 0 |
_aRobots _xMathematical models. |
|
| 650 | 0 |
_aRobots _xDynamics. |
|
| 650 | 0 |
_aRobots _xControl systems. |
|
| 655 | 7 |
_aElectronic books. _2local |
|
| 700 | 1 |
_aDombre, E. _q(Etienne) |
|
| 710 | 2 | _aebrary, Inc. | |
| 830 | 0 | _aKogan Page Science paper edition. | |
| 856 | 4 | 0 |
_uhttp://site.ebrary.com/lib/rucke/Doc?id=10276492 _zAn electronic book accessible through the World Wide Web; click to view |
| 999 |
_c5476 _d5476 |
||